Le monologue de Caroline dans Nos Jours Heureux - Statistiques

Statistiques générales
  • Ce quiz a été pris 372 fois
  • Le résultat moyen est 40 sur 74
Statistiques - réponses
Mots % Correct
tu
90%
Tu
90%
tu
90%
con,
89%
de
88%
De
88%
de
88%
de
88%
à
86%
le
84%
petit
81%
petit
81%
Petit
81%
des
79%
des
79%
Au
75%
roi
75%
Un
75%
pays
74%
sa
74%
emmerdeurs
73%
ce
72%
ce
72%
que
71%
que
71%
t'es ?
71%
T'es
71%
t'es !
71%
cons...
67%
la
67%
la
67%
la
67%
merde !
67%
sais
66%
piscine.
59%
Connard !
53%
Connard !
53%
Connard !
53%
connard !
53%
Connard !
53%
Connard !
53%
les
50%
les
50%
qui
50%
qui
50%
enculé !
46%
enculé
46%
enfants,
45%
aller
42%
Mais
42%
pour
36%
c'est
34%
Espèce
32%
aimer
31%
devrais
29%
journée !
29%
putain
29%
toute
29%
Benoit,
28%
Voilà
27%
race
26%
chiale
25%
merdeux,
23%
tête,
22%
Hein ?
21%
Hein !
21%
prend
21%
piscines
20%
Écoute
18%
casse-couilles,
17%
normalement
14%
d'accord ?!
10%
comprends ?
8%
Casse-toi
6%
Aucun quiz correspondant
Distribution des résultats
% des personnes avec chaque résultat
Percentile par nombre de réponses
Votre historique - résultats
Vous n’avez pas pris ce quiz